00869nam a22002417a 450000500170000001000130001702000100003003500130004003700160005304000120006908200170008110000240009824500550012226000350017727000330021230000240024550000510026965000340032065000370035494200260039199900190041795201910043620170124105947.0 aA-835033 c40.00 aA-835033 bCen Lib/Ret aDPLbEN a338.954bMEH aMehta, S. C.912520 aIndustrial cooperatives in India /cby S. C. Mehta aDelhibAtma Ram and Sonsc1975 bDelhiaKashmere Gatee110006 axvi,323p.c21cm(Hb) aIncludes bibliographical references and index  aEconomic policy--India972571 aEconomic aspects -- India972572 2ddccENh338.954mMEH c124958d124958 04104070aLbLd2015-06-19eCen Lib/Retg40.00l0o338.954 MEHpA-835033r2015-06-19 00:00:00t1v40.00w2015-06-19yENzWritten off on approval by DLB (By Circulation); dtd 15-06-2023